Months of the Year by First Three Letters in 15 Seconds - Statistics

General Stats
  • This quiz has been taken 165 times
  • The average score is 10 of 12
Answer Stats
Answer % Correct
February
96%
January
96%
March
93%
July
91%
June
91%
May
90%
April
87%
August
83%
September
79%
October
69%
November
59%
December
57%
No matching quizzes found
Score Distribution
Percent of People with Each Score
Percentile by Number Answered
Your Score History
You have not taken this quiz